| 000 | 00673nam a2200205Ia 4500 | ||
|---|---|---|---|
| 003 | GCL | ||
| 008 | 140319s9999 xx 000 0 ara d | ||
| 020 | _a6085659977 | ||
| 040 |
_aGCL / _cGCL |
||
| 082 | 0 | 4 |
_a245 _bص س |
| 100 | 1 | _aصالح الوردانى | |
| 245 | 1 | 0 |
_aالسيف والسياسة : _bاسلام السنه ام اسلام الشيعة / _cصالح الوردانى |
| 260 |
_aالقاهرة : _bدار الحسام للطباعة والنشر ، _c1996 |
||
| 300 |
_a208 ص ؛ _c24 سم |
||
| 490 |
_aكتاب _v0 |
||
| 650 | 0 | 4 | _aالتاريخ الاسلامى |
| 650 | 0 | 4 | _aالشيعة |
| 650 | 0 | 4 | _aعلى ومعاوية |
| 942 |
_2ddc _cBK |
||
| 999 |
_c43078 _d43078 |
||